SAT Words HARD Click Quiz - A #2 - Statistics

General Stats
  • This quiz has been taken 434 times
  • The average score is 8 of 15
Answer Stats
Hint Answer % Correct
Bearing silver or silver ore Argentiferous
80%
With hands on hips and elbows bent Akimbo
78%
Poetic repetition of vowel sounds Assonance
65%
Object of one’s detest or loathing Anathema
64%
Resembling an elderly, senile woman Anile
60%
Completely opposed; incompatible Antithetical
60%
Self-denial, rejection of pleasure Abnegation
56%
Weaken, reduce, make thin Attenuate
55%
Alternating responses; echoing Antiphonal
53%
Administrative system of a government Apparat
46%
Freedom from anxiety Ataraxia
41%
Roughness or harshness in manner Asperity
37%
Winding, twisting, circuitous Anfractuous
32%
Undeniably true, evident, or certain Apodictic
25%
Ascending, rising, or climbing Anabatic
24%
No matching quizzes found
Score Distribution
Percent of People with Each Score
Percentile by Number Answered
Your Score History
You have not taken this quiz